[Event "FRA Top 16 Higher Pool U16"]
[Site "France"]
[Date "2022.06.04"]
[Round "1.5"]
[White "Cortier, Colin"]
[Black "Auribault, Louis"]
[Result "0-1"]
[WhiteElo "1487"]
[BlackElo "1937"]
[PlyCount "112"]
[EventDate "2022.06.04"]
[EventType "tourn"]
[EventRounds "4"]
[EventCountry "FRA"]
[SourceTitle "EXT 2023"]
[Source "ChessBase"]
[SourceDate "2022.10.05"]
[SourceVersion "1"]
[SourceVersionDate "2022.10.05"]
[SourceQuality "1"]

1. e4 d6 2. d4 Nf6 3. Nc3 g6 4. Bg5 h6 5. Be3 Bg7 6. Qd2 Nbd7 7. f3 c6 8. 0-0-0 b5 9. e5 b4 10. exf6 bxc3 11. Qxc3 Nxf6 12. Qxc6+ Bd7 13. Qb7 Rb8 14. Qa6 Nd5 15. Qa3 Qb6 16. Bf2 0-0 17. Bc4 Nb4 18. c3 Rfc8 19. Bb3 Bf5 20. Be3 h5 21. h3 h4 22. Kd2 Qb5 23. cxb4 Qd3+ 24. Ke1 Qxe3+ 25. Ne2 e6 26. Ba4 Bh6 27. Qxe3 Bxe3 28. a3 a5 29. b5 Bc2 30. Bxc2 Rxc2 31. a4 Rxb2 32. Rd3 g5 33. Rf1 Rb1+ 34. Rd1 Rxd1+ 35. Kxd1 Rc8 36. Ng1 Rc1+ 37. Ke2 Rxf1 38. Kxf1 Bxd4 39. Ne2 Bc5 40. Nc3 d5 41. Ke2 Kf8 42. Na2 Ke7 43. Nc1 Kd6 44. Kd3 e5 45. Nb3 Bb6 46. Nd2 f5 47. Nb3 e4+ 48. fxe4 fxe4+ 49. Kc3 Ke5 50. Nc1 Kf4 51. Nb3 Ke3 52. Kc2 d4 53. Nd2 d3+ 54. Kc3 Bd4+ 55. Kc4 Kxd2 56. Kxd4 Ke2 0-1